Architektúra na Slovensku, alebo, Má periféria zmysel?

Bibliographic Details
Main Author: Moravčíková, Henrieta, 1963- (Author)
Format: Article
Language:Slovak
PhysicalDescription:Fotogr.
ISSN:1335-3268
Subjects:

MARC

LEADER 00000nab a2200000 ar4500
001 vtls008413522
003 SK-MaSNL
005 20260303070226.0
008 051206c2005 xo mr|p|||||||000 b|slo
015 |a SNBRB2005/12  |2 snkbucl 
038 |a SNKBUCL 
040 |a SNKBUCL  |b slo  |c SNKBUCL  |e AACR2 
041 0 |a slo 
044 |a xo  |c SK 
080 |a 72  |x (437.6)  |2 UDC-MRF-SK2 
100 1 |a Moravčíková, Henrieta,  |d 1963-  |4 aut  |9 212446 
245 1 0 |a Architektúra na Slovensku, alebo, Má periféria zmysel?  |c Hebrieta Moravčíková 
300 |b Fotogr. 
500 |a Poznámky k textu 
650 0 7 |a slovenská architektúra  |2 snkbucl  |9 2967 
773 0 |t ARCH  |g Roč. 10, č. 10 (2005), s. 46-47  |x 1335-3268 
852 |a SNK  |b KIS3GCP 
958 |a SK 
999 |c 1754450  |d 1756380